|
|
|
|
| LEADER |
00000nam a2200000 a 4500 |
| 001 |
vtls001221780 |
| 003 |
SK-MaSNL |
| 005 |
20260224150735.0 |
| 008 |
960412s1991 xx 0 und |
| 020 |
|
|
|a 8323002142
|c [100,00]
|
| 035 |
|
|
|a SNK000167041
|
| 040 |
|
|
|a SNK
|b slo
|c SNK
|e AACR2
|
| 245 |
1 |
|
|a Stosunki międzynarodowe. Tom 12
|
| 260 |
|
|
|a Warszawa
|b Uniwersytet Warszawski
|c 1991
|
| 919 |
|
|
|a 83-230-0214-2
|
| 999 |
|
|
|c 1054299
|d 1056229
|
| 952 |
|
|
|t P60, <06>, [BOOK], {606}
|a SNK
|b SNK
|y PREZ
|7 0
|p 17A0010289
|o snkČC 4286/12/1990
|i snkV 1587/96
|0 0
|1 1
|4 0
|d 1996-09-16
|l 0
|r 2005-01-01 00:00:00
|w 2026-02-24
|